000 00967nam a22002892 4500
999 _c5969
_d5969
001 5969
003 BD - JhCC
005 20180305113656.0
008 780630s1979 enk 000 0 eng
020 _a0582411394
035 _a(BD - JhCC)5969
040 _aDLC
_cDLC
_dEQO
_dBD - JhCC
041 _aeng
050 0 _aTA147
_b.B57
082 _a621
_bMUD 1963
100 1 _aW. Mudge,
245 1 0 _aEngineering science for mechanical technicians :
_blevel 2 /
_cW. Mudge :G.C. Romney
260 _aLondon ;
_aNew York :
_bLongman,
_c1979.
300 _a112 p. :
_c22 cm.
490 1 _aLongman technician series. Mechanical and production engineering
500 _a"Textbook ... [for] the Technician Education Council level II Engineering Science course for mechanical technicians on the A5 programme (syllabus TEC U76/053)."
650 0 _aEngineering.
700 1 _aMay, A. J. C.
830 0 _aLongman technician series.
942 _2ddc
_cBK